|
|
|
|
| LEADER |
00000nab#a22000007a#4500 |
| 001 |
arbauad027843 |
| 003 |
AR-BaUAD |
| 005 |
20250711112257.0 |
| 008 |
970731|||||||||###||||||b###|0###a|spa|| |
| 040 |
|
|
|a AR-BaUAD
|c AR-BaUAD
|b spa
|
| 100 |
|
|
|a Gelman, Morrie
|
| 245 |
|
|
|a Strategic partnerships :
|b creating a symbiotic relationship through /
|c Morrie Gelman;
|
| 300 |
0 |
|
|b fot., il.
|
| 500 |
|
|
|a Artículo sobre las relaciones entre socios en un proyecto de animación.
|
| 653 |
|
|
|a ANIMACION
|
| 653 |
|
|
|a PRODUCCION
|
| 653 |
|
|
|a PROYECTOS
|
| 653 |
|
|
|a COPRODUCCIONES
|
| 653 |
|
|
|a EJERCICIO PROFESIONAL
|
| 653 |
|
|
|a FINANCIACION
|
| 773 |
0 |
|
|t ANIMATION MAGAZINE
|g no. 55 [mayo 1997], p. 22-23
|
| 942 |
|
|
|c ARTI
|
| 952 |
|
|
|0 0
|1 0
|4 0
|7 0
|9 72762
|a AR-BAuAD
|b AR-BAuAD
|d 2025-07-11
|l 0
|p AAQA027843
|r 2025-07-11 11:22:57
|w 2025-07-11
|y ARTI
|
| 990 |
|
|
|a C199
|b TD
|
| 998 |
|
|
|a AAQ
|b BIBUN76
|
| 999 |
|
|
|c 52435
|d 52435
|